Focus sur: Theodore Nott - Harry Potter - Statistiques

Statistiques générales
  • Ce quiz a été pris 74 fois
  • Le résultat moyen est 5 sur 6
Statistiques - réponses
Informations recherchées Réponses % Correct
Statut du sang Sang-Pur
100%
Lieu de rencontre avec Harry Potter Poudlard
97%
Ecole fréquentée Poudlard
97%
Maison fréquentée Serpentard
97%
Première apparition Harry Potter à l'école des sorciers
78%
Acteur l'interprétant dans les films Bronson Webb
10%
Aucun quiz correspondant
Distribution des résultats
% des personnes avec chaque résultat
Percentile par nombre de réponses
Votre historique - résultats
Vous n’avez pas pris ce quiz